Polymeric building materials / (Record no. 550655)
[ view plain ]
| 000 -LEADER | |
|---|---|
| fixed length control field | 00594cam a22001698a 4500 |
| 020 ## - INTERNATIONAL STANDARD BOOK NUMBER | |
| International Standard Book Number | 1851662693 |
| 082 0# - DEWEY DECIMAL CLASSIFICATION NUMBER | |
| Classification number | 624.1892 |
| Author Mark | FEL |
| -- | L-21, P-79 |
| 100 1# - MAIN ENTRY--PERSONAL NAME | |
| Personal name | Feldman, Dorel. |
| 9 (RLIN) | 47393 |
| 245 10 - TITLE STATEMENT | |
| Title | Polymeric building materials / |
| Statement of responsibility, etc. | Dorel Feldman. |
| 260 ## - PUBLICATION, DISTRIBUTION, ETC. | |
| Place of publication, distribution, etc. | London ; |
| -- | New York : |
| Name of publisher, distributor, etc. | Elsevier Applied Science ; |
| Place of publication, distribution, etc. | New York : |
| Name of publisher, distributor, etc. | Sole distributor in the USA and Canada, Elsevier Science Pub. Co., |
| Date of publication, distribution, etc. | 1989. |
| 300 ## - PHYSICAL DESCRIPTION | |
| Extent | xviii, 575 p. : |
| Other physical details | ill. ; |
| Dimensions | 23 cm. |
| 526 ## - STUDY PROGRAM INFORMATION NOTE | |
| Program name | 0 |
| Interest level | 0 |
| Reading level | 0 |
| Title point value | 624_189200000000000_FEL |
| 650 #0 - SUBJECT ADDED ENTRY--TOPICAL TERM | |
| Topical term or geographic name entry element | Building materials. |
| 650 #0 - SUBJECT ADDED ENTRY--TOPICAL TERM | |
| Topical term or geographic name entry element | MCE |
| 9 (RLIN) | 379 |
| 650 #0 - SUBJECT ADDED ENTRY--TOPICAL TERM | |
| Topical term or geographic name entry element | Polymers. |
| 9 (RLIN) | 2051 |
| 942 ## - ADDED ENTRY ELEMENTS (KOHA) | |
| Source of classification or shelving scheme | |
| Koha item type | Book |
| Withdrawn status | Lost status | Source of classification or shelving scheme | Damaged status | Not for loan | Permanent Location | Current Location | Date acquired | Total Checkouts | Full call number | Barcode | Date last seen | Price effective from | Koha item type |
|---|---|---|---|---|---|---|---|---|---|---|---|---|---|
| Military College of Engineering (MCE) | Military College of Engineering (MCE) | 11/18/2014 | 624.1892 FEL | MCE-27877 | 11/18/2014 | 11/18/2014 | Book |
